000 00699nam a22002537a 4500
001 31487
003 BD-RjUL
005 20211209051716.0
008 140420b1965 mo ||||| |||| 001 0 eng d
035 _a(BD-RjUL) 31575
040 _aBD-RjUL
_beng
_cBD-RjUL
041 _aeng
082 0 4 _a616.89008
_bPOP 1969
100 1 _aPortnov Anatoly
_995834
245 1 _aPsychiatry /
_bAnatoly Portnov; Dmitry Fedotov; Yuri Shirokov
250 _aRussian Edition
260 _aMosco :
_bMir Publishers,
_c1969.
300 _a371p. ;
_c22cm.
504 _aIncludes Index
650 0 _a Psychiatry.
_995835
700 1 _aFedotov Dmitry
_995836
700 1 _aShirokov Yuri
_995837
942 _2ddc
_cBK
999 _c31487
_d31487